header

State crime (Record no. 117705)

MARC details
000 -LEADER
fixed length control field 01431nam a2200397 a 4500
082 04 - DEWEY DECIMAL CLASSIFICATION NUMBER
Classification number 364.13
100 1# - MAIN ENTRY--AUTHOR NAME
Personal name Green, Penny,
245 10 - TITLE STATEMENT
Title State crime
260 ## - PUBLICATION, DISTRIBUTION, ETC. (IMPRINT)
Place of publication London ;
-- Sterling, Va. :
Name of publisher Pluto Press,
Year of publication 2004.
300 ## - PHYSICAL DESCRIPTION
Number of Pages viii, 255 p.
650 #0 - SUBJECT ADDED ENTRY--TOPICAL TERM
Topical Term Political corruption.
Topical Term Political persecution.
Topical Term State crimes.
Topical Term State-sponsored terrorism.
Topical Term Genocide.
Topical Term War crimes.
700 1# - ADDED ENTRY--PERSONAL NAME
Personal name Ward, Tony,
856 40 - ELECTRONIC LOCATION AND ACCESS
Uniform Resource Identifier http://site.ebrary.com/lib/rucke/Doc?id=10479781

No items available.

© 2026 Rongo University
Contact us: librarian | system librarian | Rongo university